Miasta obwodu królewieckiego - Statystyki

Ogólne statystyki
  • Ten quiz został rozwiązany 24 razy
  • Średni wynik to 5 z 22
Odpowiedzi na mapie
Odpowiedzi zakodowano w zielono-czerwonej skali na mapie do tego quizu, zgodnie z poniższymi procentami.
 
Statystyki odpowiedzi
Miasto Liczba Ludności % Poprawnych
Królewiec 493,256
100%
Bałtyjsk 33,658
75%
Sowieck | Tylża 38,923
75%
Bagrationowsk 6,401
38%
Gusiew 28,484
38%
Mamonowo 8,104
38%
Czerniachowsk 35,398
25%
Oziorsk 3,816
25%
Gwardiejsk 13,353
13%
Ładuszkin 3,820
13%
Nieman 10,765
13%
Niestierow 3,937
13%
Polessk 6,921
13%
Prawdinsk 4,045
13%
Sławsk 3,964
13%
Swietłogorsk 16,099
13%
Swietłyj 21,441
13%
Gurjewsk 19,670
0%
Krasnoznamiensk 3,088
0%
Pionierskij 12,573
0%
Primorsk 1,960
0%
Zielenogradsk 17,296
0%
Nie znaleziono quizów pasujących do podanych kryteriów
Rozkład punktacji
Procent ludzi z każdym wynikiem
Percentyl według liczby udzielonych odpowiedzi
Twoja historia wyników
Nie rozwiązałeś tego quizu